00821nam a2200217 a 450000100100000000500170001000800410002702000150006804000250008308200180010810000310012624501780015726000640033530000400039950400560043965000170049565000150051265000150052765000220054270000390056400002477220250714091949.0110203s2002 mx ab r 000 0 spa d a9701884272 aDO-SdBNPbspacBNPHU a331.88bS718g1 aSoto Correa, José Carmen10aLos grupos armados de los políticos católicos :bla masacre de sindicalistas de Chaparro , Michoacán /cJosé Carmen Soto Correa ; prólogo Arturo Salcido Beltrán. aMéxico, D. F. :bInstituto Politécnico Nacional,c2002. a558, [1] p. :bil., mapas ;c22 cm. aIncluye referencias bibliográficas (p. [535]-554) 0aSindicalismo 0aSocialismo 0aSindicatos 0aClase trabajadora1 aSalcido Beltrán, Arturoepról.